<?xml version="1.0" encoding="UTF-8"?>
<record
    xmlns:xsi="http://www.w3.org/2001/XMLSchema-instance"
    xsi:schemaLocation="http://www.loc.gov/MARC21/slim http://www.loc.gov/standards/marcxml/schema/MARC21slim.xsd"
    xmlns="http://www.loc.gov/MARC21/slim">

  <leader>02309    a2200229   4500</leader>
  <controlfield tag="001">41306</controlfield>
  <controlfield tag="005">20260407155707.0</controlfield>
  <controlfield tag="008">260407a2014    arg                 spa d</controlfield>
  <controlfield tag="003">AR-UNSa-BCEJYS</controlfield>
  <datafield tag="040" ind1=" " ind2=" ">
    <subfield code="a">AR-UNSa-BCEJYS</subfield>
    <subfield code="b">spa</subfield>
    <subfield code="c">AR-UNSa-BCEJYS</subfield>
  </datafield>
  <datafield tag="080" ind1=" " ind2=" ">
    <subfield code="a">347.1/7(094.4)</subfield>
    <subfield code="x">C&#xF3;digo Civil y Comercial</subfield>
  </datafield>
  <datafield tag="245" ind1="1" ind2="0">
    <subfield code="a">Implicancias del nuevo c&#xF3;digo civil y comercial para el profesional en ciencias econ&#xF3;micas</subfield>
  </datafield>
  <datafield tag="264" ind1=" " ind2="1">
    <subfield code="a">Buenos Aires :</subfield>
    <subfield code="b">Thomson Reuters Checkpoint</subfield>
    <subfield code="c">2014</subfield>
  </datafield>
  <datafield tag="300" ind1=" " ind2=" ">
    <subfield code="a">86 p.</subfield>
    <subfield code="c">24 cm.</subfield>
  </datafield>
  <datafield tag="505" ind1=" " ind2=" ">
    <subfield code="a">I. Tributario - 1. El nuevo C&#xF3;digo y el impuesto a las ganancias / Luis O. Fern&#xE1;ndez - 2. El C&#xF3;digo Civil y Comercial, ley 26.994. Implicancias del r&#xE9;gimen patrimonial al matrimonio y las uniones convivenciales en la imposici&#xF3;n personal sobre personas f&#xED;sicas / Dar&#xED;o M. Rajmilovich - 3. Esquema preliminar sobre algunas implicancias fiscales del nuevo C&#xF3;digo Civil y Comercial / Fernando Daniel Garc&#xED;a - 4. El impuesto a las ganancias y el nuevo C&#xF3;digo Civil y Comercial unificado / Hermosinda Eg&#xFC;ez y Sergio A. Simesen de Bielke - 5. Nuevo C&#xF3;digo Civil y Comercial unificado: &#xBF;Prescripci&#xF3;n tributaria sin l&#xED;mites para los fiscos provinciales? / Mar&#xED;a F. Fern&#xE1;ndez Sabella y Fernanda Laiun - 6. La interpretaci&#xF3;n del derecho tributario a la luz del C&#xF3;digo Civil y Comercial de la Naci&#xF3;n / Mariano F. Braccia - II. Econom&#xED;a y finanzas - 1. Modificaciones a conceptos financieros de nuestro C&#xF3;digo Civil / Alejandro Almarza - III. Concursos y quiebras - 1. C&#xF3;digo Civil y Comercial unificado: impacto en materia concursal / Nicol&#xE1;s J. Di Lella - IV. Contabilidad y auditor&#xED;a - 1. Unificaci&#xF3;n del C&#xF3;digo Civil y Comercial: comparaci&#xF3;n de aspectos contables / Mar&#xED;a Jos&#xE9; Antih - V. Implicancias generales - 1. El nuevo C&#xF3;digo Civil y Comercial unificado: repercusiones en el &#xE1;mbito de los profesionales de Ciencias Econ&#xF3;micas / Ver&#xF3;nica Simesen de Bielke - 2. Algunas cuestiones relacionadas con los profesionales en Ciencias Econ&#xF3;micas en el nuevo C&#xF3;digo Civil y Comercial / Adriana Guti&#xE9;rrez y Karina Januszewski </subfield>
  </datafield>
  <datafield tag="041" ind1=" " ind2=" ">
    <subfield code="a">spa</subfield>
  </datafield>
  <datafield tag="942" ind1=" " ind2=" ">
    <subfield code="c">BK</subfield>
  </datafield>
  <datafield tag="590" ind1=" " ind2=" ">
    <subfield code="a">niveau_biblio:m niveau_hierar:0</subfield>
  </datafield>
  <datafield tag="650" ind1=" " ind2=" ">
    <subfield code="a">LEY 26.994</subfield>
  </datafield>
  <datafield tag="856" ind1="4" ind2="1">
    <subfield code="u">https://biblioeco.unsa.edu.ar/pmb/images/libros/E00003.jpg</subfield>
    <subfield code="y">Imagen de portada</subfield>
    <subfield code="q">image/jpeg</subfield>
  </datafield>
  <datafield tag="650" ind1=" " ind2=" ">
    <subfield code="a"> ley 26 994 </subfield>
  </datafield>
  <datafield tag="999" ind1=" " ind2=" ">
    <subfield code="c">3450</subfield>
    <subfield code="d">3450</subfield>
  </datafield>
  <datafield tag="952" ind1=" " ind2=" ">
    <subfield code="0">0</subfield>
    <subfield code="1">0</subfield>
    <subfield code="4">0</subfield>
    <subfield code="7">0</subfield>
    <subfield code="a">BCEJYS</subfield>
    <subfield code="b">BCEJYS</subfield>
    <subfield code="c">16</subfield>
    <subfield code="d">2026-04-07</subfield>
    <subfield code="l">0</subfield>
    <subfield code="o">E347.1/7(094.4) I34 LALEY</subfield>
    <subfield code="p">E00003</subfield>
    <subfield code="r">2026-04-07 15:57:07</subfield>
    <subfield code="w">2026-04-07</subfield>
    <subfield code="y">L</subfield>
  </datafield>
</record>
